Kpop leaders by groups - Statistics

General Stats
  • This quiz has been taken 241 times
  • The average score is 23 of 50
Answer Stats
Hint Answer % Correct
BTS RM
95%
MCND Castle J
94%
Stray Kids Bangchan
88%
Aespa Karina
86%
Red Velvet Irene
82%
TxT Soobin
82%
twice Jihyo
80%
(G)-idle Soyeon
80%
Le sserafim Chaewon
79%
Itzy Yeji
79%
BigBang G-dragon
77%
Enhypen Jungwon
72%
NewJeans Minji
71%
Seventeen Scoups
71%
Ive Yujin
70%
Kep1er Yujin
70%
Mamamoo Solar
64%
Nmixx Haewon
59%
P1harmony Keeho
59%
Ateez Hongjoong
55%
illit Yunah
53%
SNSD Taeyeon
52%
Exo Suho
50%
NCT 127 Taeyong
50%
Shinee Onew
48%
2ne1 CL
46%
Zerobaseone Hanbin
41%
Boynextdoor Jaehyun
41%
Ikon Jay
36%
Billlie Moon sua
36%
Got7 JB
35%
Astro Jinjin
35%
Stayc Sumin
32%
Super Junior Leeteuk
31%
Tws Shinyu
24%
Everglow Sihyeon
24%
Gfriend Sowon
23%
Treasure Hyunsuk
22%
Dreamcatcher Jiu
22%
Btob Eunkwang
21%
Loona Haseul
21%
Fromis_9 Saerom
20%
The Boyz Sangyeon
19%
Xdinary Heroes Gunil
17%
Apink Chorong
13%
Cravity Serim
11%
Kingdom Dann
7%
Sf9 Youngbin
7%
Pixy Dia
6%
Mirae Junhyuk
3%
No matching quizzes found
Score Distribution
Percent of People with Each Score
Percentile by Number Answered
Your Score History
You have not taken this quiz